Vida y ficción / (Record no. 127110)

MARC details
000 -LEADER
campo de control de longitud fija 00679nam a2200217 4500
001 - NÚMERO DE CONTROL
campo de control 127110
003 - IDENTIFICADOR DE NÚMERO DE CONTROL
campo de control ES-MaACL
005 - FECHA Y HORA DE LA ÚLTIMA TRANSACCIÓN
campo de control 20230906192939.0
007 - CAMPO FIJO DE DESCRIPCIÓN FÍSICA--INFORMACIÓN GENERAL
campo de control de longitud fija t|
008 - DATOS DE LONGITUD FIJA--INFORMACIÓN GENERAL
campo de control de longitud fija 070214s1970 mx r ||||1| spa d
100 1# - ENTRADA PRINCIPAL--NOMBRE DE PERSONA
Nombre de persona Reyes, Alfonso,
Fechas asociadas al nombre 1889-1959
9 (RLIN) 96554
245 10 - MENCIÓN DEL TÍTULO
Título Vida y ficción /
Mención de responsabilidad, etc. Alfonso Reyes ; edición y prólogo de Ernesto Mejía Sánchez.
250 ## - MENCION DE EDICION
Mención de edición 1ª. ed.
260 ## - PUBLICACIÓN, DISTRIBUCIÓN, ETC.
Lugar de publicación, distribución, etc. México :
Nombre del editor, distribuidor, etc. Fondo de Cultura Económica,
Fecha de publicación, distribución, etc. 1970.
300 ## - DESCRIPCIÓN FÍSICA
Extensión 169 p. ;
Dimensiones 17 cm.
490 1# - MENCIÓN DE SERIE
Mención de serie Letras mexicanas ;
Designación de volumen o secuencia 100
700 1# - ENTRADA AGREGADA--NOMBRE PERSONAL
Nombre de persona Mejía Sánchez, Ernesto.
9 (RLIN) 79867
830 0# - PUNTO DE ACCESO ADICIONAL DE SERIE-TÍTULO UNIFORME
Título uniforme Letras mexicanas ;
Designación de volumen o secuencia 100
9 (RLIN) 180343
852 ## - LOCALIZACIÓN
Ubicación ES-MaACL
Número de control de estantería L-8292
Sublocalización o colección R.108774
Holdings
Estatus retirado Estado de pérdida Estado de daño No para préstamo Biblioteca de origen Biblioteca actual Ubicación en estantería Fecha de adquisición Fuente de adquisición Total de préstamos Signatura topográfica completa Código de barras Visto por última vez Precio de reemplazo Tipo de ítem Koha
        Biblioteca del Ateneo de Madrid Biblioteca del Ateneo de Madrid Depósito 2 17/01/2008     L-8292 1132391 23/02/2023 23/02/2023 Libro impreso